| 000 | 00592pab a2200193 454500 | ||
|---|---|---|---|
| 008 | 180718b2005 xxu||||| |||| 00| 0 eng d | ||
| 100 | _aFielding, David | ||
| 245 | _aDo currency unions deliver more economic integration than fixed exchange rates? Evidence from the Franc Zone and the ECCU | ||
| 260 | _c2005 | ||
| 300 | _ap.1051-070. | ||
| 362 | _aAug | ||
| 650 | _aExchange rates | ||
| 650 | _aEconomic integration | ||
| 650 | _aCurrencies | ||
| 650 | _aInternational monetary systems | ||
| 700 | _aShields, Kalvinder | ||
| 773 | _aJournal of Development Studies | ||
| 909 | _a66811 | ||
| 999 |
_c66811 _d66811 |
||